| 000 | 00000nam##2200000za#4500 |
| 001 | 9.639181 |
| 003 | CaOODSP |
| 005 | 20210624222032 |
| 007 | cr ||||||||||| |
| 008 | 150407|1998||||xxc|||||o f|0| 0 fre|d |
| 040 | |aCaOODSP|bfre |
| 043 | |an-cn--- |
| 086 | 1 |aEn133-37/1998F-PDF |
| 110 | 2 |aTable ronde nationale sur l'environnement et l'économie (Canada) |
| 245 | 10|aStratégies de gestion viable des océans : |h[ressource électronique]|bguide de cogestion |
| 260 | |aOttawa - Ontario : |bTable ronde nationale sur l'environnement et l'économie |cc1998. |
| 300 | |a110p. |
| 500 | |aSommaire: La gestion des océans: une question cruciale de viabilité au Canada.--Gestion des océans: la nouvelle vague.--Définition de la cogestion.--Régimes de cogestion: la voie de la réussite.--Problèmes de cogestion à résoudre.--Conclusions et recommandations.--Annexes.--Bibliographie. Données de catalogage avant publication (Canada) imprimées dans cette publication. |
| 500 | |aL'ISBN (1-895643-71-6) pour l'édition imprimée a été incorrectement copié dans cette version PDF. |
| 504 | |aBibliographie. |
| 590 | |a12-29-Supp|b2012-06-25 |
| 691 | 07|aOcéan|2gcpds |
| 691 | 07|aRessources naturelles|2gcpds |
| 775 | 08|tSustainable strategies for oceans : |w(CaOODSP)9.695020 |
| 776 | 0#|tStratégies de gestion viable des océans: guide de cogestion |w(CaOODSP)9.680570 |
| 856 | 40|ahttp://publications.gc.ca|qPDF|s14529 Ko|uhttps://publications.gc.ca/collections/collection_2011/trnee-nrtee/En133-37-1998-fra.pdf |